| 000 -LEADER |
| fixed length control field |
00455cam a2200169 4500 |
| 020 ## - INTERNATIONAL STANDARD BOOK NUMBER |
| ISBN |
0030841852 |
| 040 ## - CATALOGING SOURCE |
| Transcribing agency |
DLC |
| 082 00 - DEWEY DECIMAL CLASSIFICATION NUMBER |
| Classification number |
301 HOL 1974 A016 Or. |
| 100 1# - MAIN ENTRY--AUTHOR NAME |
| Personal name |
Johnson, Willis H. |
| 245 14 - TITLE STATEMENT |
| Title |
The environmental challenge, |
| 260 ## - PUBLICATION, DISTRIBUTION, ETC. (IMPRINT) |
| Place of publication |
New York, |
| Name of publisher |
Holt, Rinehart and Winston |
| Year of publication |
[1974] |
| 300 ## - PHYSICAL DESCRIPTION |
| Number of Pages |
viii, 357 p. |
| Other physical details |
illus. |
| Dimensions |
23 cm. |
| 650 #0 - SUBJECT ADDED ENTRY--TOPICAL TERM |
| Topical Term |
Ecology. |
| 650 #0 - SUBJECT ADDED ENTRY--TOPICAL TERM |
| Topical Term |
Environmental protection. |
| 700 1# - ADDED ENTRY--PERSONAL NAME |
| Personal name |
Steere, William Campbell, |
| 942 ## - ADDED ENTRY ELEMENTS (KOHA) |
| Koha item type |
សៀវភៅភាសាអង់គ្លេស |
| 952 ## - LOCATION AND ITEM INFORMATION (KOHA) |
| Withdrawn status [LOCAL, KOHA] |
0 |